[Event "Madrid-ch Previa A 2014-2015"]
[Site "Madrid ESP"]
[Date "2015.02.17"]
[Round "8.10"]
[White "Fernandez Rios, Jose Francisco"]
[Black "Jimenez Gonzalez, Marcos"]
[Result "1/2-1/2"]
[WhiteElo "1715"]
[BlackElo "1856"]
[PlyCount "91"]
[EventDate "2015.02.02"]
[EventType "swiss"]
[EventRounds "9"]
[EventCountry "ESP"]
[Source "lmi"]
[SourceDate "2015.02.02"]

1. d4 d5 2. c4 c6 3. Nf3 Nf6 4. e3 Bf5 5. cxd5 cxd5 6. Qb3 Nc6 7. Qxb7 Na5 8.
Bb5+ Bd7 9. Bxd7+ Nxd7 10. Qxd5 e6 11. Qe4 Bb4+ 12. Bd2 Rc8 13. O-O Bd6 14. Nc3
Nc4 15. Rab1 Nf6 16. Qd3 g5 17. g3 h5 18. b3 Nxd2 19. Nxd2 h4 20. Qb5+ Kf8 21.
Nce4 Ng4 22. Qxg5 Qxg5 23. Nxg5 Rc2 24. Ndf3 hxg3 25. hxg3 Kg7 26. Rbd1 Bxg3
27. Rd2 Rxd2 28. Nxd2 Bxf2+ 29. Rxf2 Nxf2 30. Kxf2 Rh1 31. Ke2 Kf8 32. Kd3 Ke7
33. Kc3 Rc1+ 34. Kd3 f5 35. Nc4 Ra1 36. a4 Rb1 37. Kc3 Rg1 38. Nf3 Rg3 39. Nce5
Kd6 40. Kb4 Kd5 41. Kc3 Ke4 42. Nd2+ Kd5 43. Nef3 Rh3 44. b4 Rh8 45. Nb3 Ke4
46. Nbd2+ 1/2-1/2

[Event "Madrid-ch Previa A 2014-2015"]
[Site "Madrid ESP"]
[Date "2015.02.17"]
[Round "8.11"]
[White "Osorio Ramos, Francisco"]
[Black "Roldan Garcia, Angel"]
[Result "1/2-1/2"]
[WhiteElo "1761"]
[BlackElo "1824"]
[PlyCount "118"]
[EventDate "2015.02.02"]
[EventType "swiss"]
[EventRounds "9"]
[EventCountry "ESP"]
[Source "lmi"]
[SourceDate "2015.02.02"]

1. d4 Nf6 2. c4 g6 3. Nc3 Bg7 4. e4 d6 5. f3 O-O 6. Bg5 c5 7. d5 h6 8. Be3 Nbd7
9. Nh3 Ne5 10. Nf2 a6 11. Qd2 Kh7 12. Be2 Rb8 13. O-O Ng8 14. f4 Nd7 15. Rac1
Qa5 16. Bg4 b5 17. cxb5 axb5 18. a3 Nb6 19. Be2 Nc4 20. Bxc4 bxc4 21. g4 Rb3
22. h3 Bd7 23. Nfd1 Rfb8 24. e5 Qc7 25. Qf2 dxe5 26. fxe5 Qxe5 27. Bf4 Qd4 28.
Bxb8 Rxb8 29. Qxd4 cxd4 30. Ne4 Bb5 31. Rxf7 Ba4 32. Nc5 Be8 33. Rf3 Bb5 34. a4
d3 35. Kh1 c3 36. bxc3 Bc4 37. Rxd3 Bxd3 38. Nxd3 Nf6 39. c4 Rb3 40. N1f2 Nd7
41. c5 Bd4 42. c6 Nb6 43. c7 Nc8 44. Kg2 Ra3 45. Rc4 Bb6 46. Kf3 Ra2 47. Ne4
Ra3 48. Ke2 Ra2+ 49. Nd2 Ba5 50. Nb4 Rxa4 51. Nc2 Rxc4 52. Nxc4 Bxc7 53. Nd4
Nb6 54. Nxb6 Bxb6 55. Kd3 Kg7 56. Nc6 Kf6 57. Ke4 Bc5 58. Ne5 Bd6 59. Nd7+ Kf7
1/2-1/2

[Event "Madrid-ch Previa A 2014-2015"]
[Site "Madrid ESP"]
[Date "2015.02.17"]
[Round "8.12"]
[White "Dominguez Afonso, Ayraldo"]
[Black "Corral Aragon, Juan Maria"]
[Result "0-1"]
[WhiteElo "1574"]
[BlackElo "1809"]
[PlyCount "90"]
[EventDate "2015.02.02"]
[EventType "swiss"]
[EventRounds "9"]
[EventCountry "ESP"]
[Source "lmi"]
[SourceDate "2015.02.02"]

1. e4 c6 2. d4 d5 3. Nc3 dxe4 4. Nxe4 Bf5 5. Ng3 Bg6 6. Nf3 Nd7 7. Bd3 e6 8.
Bf4 Qa5+ 9. c3 O-O-O 10. O-O Bxd3 11. Qxd3 h6 12. b4 Qa3 13. Qc2 Ngf6 14. Rfb1
Nd5 15. Rb3 Qa4 16. Bd2 g5 17. Qb2 N5b6 18. Ne4 Nc4 19. Qc2 f5 20. Nc5 Nxc5 21.
bxc5 g4 22. Ne5 Bxc5 23. Nd3 Bd6 24. Nb2 Nxb2 25. Qxb2 b6 26. c4 c5 27. Ra3 Qd7
28. Rd3 cxd4 29. Qxd4 Bxh2+ 30. Kxh2 Qxd4 31. Rxd4 Rxd4 32. Bc3 Rhd8 33. Bxd4
Rxd4 34. Rc1 Rd2 35. c5 b5 36. a4 b4 37. Rb1 a5 38. Kg3 Rc2 39. f3 gxf3 40.
gxf3 Rxc5 41. Kf4 Rc3 42. Re1 Kd7 43. Re5 b3 44. Rxa5 Rc4+ 45. Ke3 Rb4 0-1

[Event "Madrid-ch Previa A 2014-2015"]
[Site "Madrid ESP"]
[Date "2015.02.17"]
[Round "8.13"]
[White "Perez Cameselle, Francisco"]
[Black "Martin-Consuegra Barrilero, Francisco Javier"]
[Result "1-0"]
[WhiteElo "1849"]
[BlackElo "1801"]
[PlyCount "105"]
[EventDate "2015.02.02"]
[EventType "swiss"]
[EventRounds "9"]
[EventCountry "ESP"]
[Source "lmi"]
[SourceDate "2015.02.02"]

1. e4 d6 2. d4 Nf6 3. Nc3 e5 4. Nf3 exd4 5. Nxd4 Be7 6. Bc4 Nc6 7. O-O Ne5 8.
Bb3 O-O 9. f4 Ng6 10. Kh1 c5 11. Nf3 Be6 12. Bxe6 fxe6 13. f5 exf5 14. exf5 Ne5
15. Nd5 Nf7 16. Re1 Re8 17. Ng5 Nxg5 18. Bxg5 Kf8 19. Nf4 Qd7 20. Ne6+ Kg8 21.
Bxf6 Bxf6 22. Qd5 Qc6 23. Nc7+ Qxd5 24. Nxd5 Re5 25. Nxf6+ gxf6 26. Rxe5 fxe5
27. Rd1 Rd8 28. Rd5 b5 29. g4 Kf7 30. Kg2 Ke7 31. Kf3 b4 32. Ke4 Rg8 33. h3 Kd7
34. Rd3 c4 35. Rf3 Rc8 36. c3 a5 37. g5 Kc6 38. f6 Kd7 39. Kf5 Re8 40. Re3 Rc8
41. Re4 Rc5 42. h4 bxc3 43. bxc3 Rd5 44. Rxc4 Rd1 45. Ra4 Rf1+ 46. Kg4 Ke6 47.
Rxa5 e4 48. Ra7 d5 49. Re7+ Kd6 50. Rxh7 Rc1 51. f7 Ke7 52. g6 Rxc3 53. Rh8 1-0

[Event "Madrid-ch Previa A 2014-2015"]
[Site "Madrid ESP"]
[Date "2015.02.17"]
[Round "8.14"]
[White "Beekhof Harmsen, Willen"]
[Black "Franco Rincon, David"]
[Result "0-1"]
[WhiteElo "1654"]
[BlackElo "1697"]
[PlyCount "108"]
[EventDate "2015.02.02"]
[EventType "swiss"]
[EventRounds "9"]
[EventCountry "ESP"]
[Source "lmi"]
[SourceDate "2015.02.02"]

1. d4 d5 2. Nf3 Nf6 3. e3 c6 4. Bd3 e6 5. O-O Be7 6. Nbd2 Nbd7 7. b3 O-O 8. Bb2
Re8 9. e4 dxe4 10. Nxe4 Nxe4 11. Bxe4 Nf6 12. Bd3 c5 13. c4 cxd4 14. Bxd4 b6
15. Qc2 h6 16. Rad1 Qc7 17. Be5 Qc5 18. Bd4 Qh5 19. Ne5 Bb7 20. h3 Qg5 21. f4
Qg3 22. Qf2 Qxf2+ 23. Rxf2 Rad8 24. Bc3 Bc5 25. Re1 Nh5 26. Be4 Bxe4 27. Rxe4
Bxf2+ 28. Kxf2 Nf6 29. Re2 Rd6 30. Bb4 Rd4 31. Kf3 Rc8 32. g4 Nd7 33. Ke3 Rd1
34. Nd3 Nb8 35. Bc3 Rd8 36. Nf2 R1d7 37. f5 exf5 38. Kf4 fxg4 39. Nxg4 f6 40.
Bxf6 Rf7 41. Kf5 Rdf8 42. Kg6 Rxf6+ 43. Nxf6+ Rxf6+ 44. Kh5 Kf7 45. Kg4 Re6 46.
Rd2 Nc6 47. Kf3 a5 48. Kf2 g6 49. Rd7+ Kf6 50. a3 Ne5 51. Rd5 a4 52. Kg2 axb3
53. c5 bxc5 54. Rxc5 Rb6 0-1

[Event "Madrid-ch Previa A 2014-2015"]
[Site "Madrid ESP"]
[Date "2015.02.17"]
[Round "8.15"]
[White "Vaquerizo Calvo, Miguel A"]
[Black "Garcia Carbonell, Francisco"]
[Result "1/2-1/2"]
[WhiteElo "1844"]
[BlackElo "1658"]
[PlyCount "70"]
[EventDate "2015.02.02"]
[EventType "swiss"]
[EventRounds "9"]
[EventCountry "ESP"]
[Source "lmi"]
[SourceDate "2015.02.02"]

1. d4 f5 2. c4 Nf6 3. Nc3 c6 4. Nf3 d5 5. g3 e6 6. Bg2 Bd6 7. O-O O-O 8. c5 Bc7
9. b4 Nbd7 10. Bf4 Ne4 11. Qd3 h6 12. Ne5 Nxe5 13. Bxe5 Bxe5 14. dxe5 Qc7 15.
f4 b6 16. Na4 b5 17. Nc3 a5 18. a3 Bb7 19. e3 Ra7 20. Bxe4 fxe4 21. Qd2 Rfa8
22. Qb2 Bc8 23. Ne2 Bd7 24. Nd4 Qc8 25. Nb3 axb4 26. axb4 Ra4 27. Na5 Rxa1 28.
Rxa1 Ra6 29. Nb3 Rxa1+ 30. Qxa1 Kh7 31. Qa7 Kg8 32. Nd4 Kh7 33. Nb3 Kg8 34. Na5
Kh7 35. Qb7 Qe8 1/2-1/2

[Event "Madrid-ch Previa A 2014-2015"]
[Site "Madrid ESP"]
[Date "2015.02.17"]
[Round "8.16"]
[White "Villodre Miranda, Juan Alonso"]
[Black "Hernandez Garcia, Carlos"]
[Result "1/2-1/2"]
[WhiteElo "1683"]
[BlackElo "1838"]
[PlyCount "41"]
[EventDate "2015.02.02"]
[EventType "swiss"]
[EventRounds "9"]
[EventCountry "ESP"]
[Source "lmi"]
[SourceDate "2015.02.02"]

1. c4 Nf6 2. Nc3 g6 3. e4 d6 4. g3 Bg7 5. Bg2 O-O 6. Nge2 c5 7. O-O Nc6 8. d3
Nd4 9. Nxd4 cxd4 10. Ne2 e5 11. h3 h5 12. f4 Nd7 13. f5 g5 14. g4 h4 15. a4 f6
16. b4 a5 17. b5 Nc5 18. Ba3 Rb8 19. Bxc5 dxc5 20. Rb1 Ra8 21. Rb3 1/2-1/2

[Event "Madrid-ch Previa A 2014-2015"]
[Site "Madrid ESP"]
[Date "2015.02.17"]
[Round "8.17"]
[White "Roman Garcia, Jose Luis"]
[Black "Rodriguez Bachiller, Luis"]
[Result "1-0"]
[WhiteElo "1469"]
[BlackElo "1714"]
[PlyCount "87"]
[EventDate "2015.02.02"]
[EventType "swiss"]
[EventRounds "9"]
[EventCountry "ESP"]
[Source "lmi"]
[SourceDate "2015.02.02"]

1. e4 c5 2. Nf3 e6 3. c3 Nf6 4. d3 Nc6 5. Be3 d6 6. Qc2 Be7 7. Be2 O-O 8. O-O
Ng4 9. Bc1 Nge5 10. Nbd2 Ng6 11. d4 Nf4 12. Bd1 e5 13. dxe5 dxe5 14. Nc4 Nd3
15. Be2 Nxc1 16. Raxc1 f6 17. Rcd1 Qc7 18. Ne3 Be6 19. Bd3 h6 20. h3 Rfd8 21.
Nd5 Qc8 22. Bc4 Re8 23. Nh4 Kh7 24. Qe2 g5 25. Nf5 Bxf5 26. exf5 a6 27. Qh5 Rg8
28. Nb6 Qe8 29. Qxe8 Raxe8 30. Bxg8+ Kxg8 31. Rd7 Nd8 32. Rfd1 Kf8 33. Nd5 Nc6
34. Nc7 Rc8 35. Ne6+ Kf7 36. Rxb7 Na5 37. Rbd7 Nc4 38. b3 Nb6 39. Rb7 c4 40.
Rxb6 cxb3 41. Rd7 bxa2 42. Rxa6 Rxc3 43. Rxa2 Rc6 44. Raa7 1-0

[Event "Madrid-ch Previa A 2014-2015"]
[Site "Madrid ESP"]
[Date "2015.02.17"]
[Round "8.19"]
[White "Martinez Miura, Enrique"]
[Black "Rufo Yebra, Benito"]
[Result "1-0"]
[WhiteElo "1732"]
[BlackElo "1484"]
[PlyCount "53"]
[EventDate "2015.02.02"]
[EventType "swiss"]
[EventRounds "9"]
[EventCountry "ESP"]
[Source "lmi"]
[SourceDate "2015.02.02"]

1. e4 e6 2. d4 c5 3. Nf3 h6 4. Be3 b6 5. Nc3 Bb7 6. d5 Na6 7. Bc4 Nc7 8. Qd3
Nf6 9. d6 Bxe4 10. Nxe4 Ncd5 11. Nxf6+ Qxf6 12. Bxd5 exd5 13. Qxd5 Rc8 14. Qe5+
Qxe5 15. Nxe5 Bxd6 16. Nc4 Bc7 17. Rd1 Ke7 18. O-O b5 19. Bxc5+ d6 20. Rfe1+
Kf6 21. Nxd6 Ba5 22. b4 Rxc5 23. bxc5 Bxe1 24. Rxe1 b4 25. Ne8+ Kg6 26. c6 f5
27. c7 1-0

[Event "Madrid-ch Previa A 2014-2015"]
[Site "Madrid ESP"]
[Date "2015.02.17"]
[Round "8.20"]
[White "Lucia Carpintero, Oscar"]
[Black "Lopez Oneto, Manuel"]
[Result "1-0"]
[WhiteElo "1661"]
[BlackElo "1855"]
[PlyCount "71"]
[EventDate "2015.02.02"]
[EventType "swiss"]
[EventRounds "9"]
[EventCountry "ESP"]
[Source "lmi"]
[SourceDate "2015.02.02"]

1. d4 Nf6 2. Bg5 Ne4 3. Bf4 g6 4. Nd2 d5 5. Nxe4 dxe4 6. Be5 Rg8 7. e3 Nd7 8.
Bg3 Nf6 9. h3 e6 10. Ne2 Bd6 11. c4 Bb4+ 12. Nc3 Bxc3+ 13. bxc3 c5 14. Qb3 Qb6
15. Be2 Bd7 16. O-O Qxb3 17. axb3 Bc6 18. b4 b6 19. bxc5 bxc5 20. Ra5 Nd7 21.
Rfa1 Ke7 22. Rxa7 Rgc8 23. Bd1 Rxa7 24. Rxa7 Ra8 25. Rxa8 Bxa8 26. Bb3 Bb7 27.
d5 Ba6 28. Bc7 e5 29. f3 exf3 30. gxf3 f5 31. Kf2 g5 32. Kg3 h5 33. f4 h4+ 34.
Kf2 g4 35. hxg4 fxg4 36. fxe5 1-0

[Event "Madrid-ch Previa A 2014-2015"]
[Site "Madrid ESP"]
[Date "2015.02.17"]
[Round "8.21"]
[White "Benitez Cadenas, Luis Miguel"]
[Black "Montejano Siguero, Sonia"]
[Result "1-0"]
[WhiteElo "1703"]
[BlackElo "1521"]
[PlyCount "131"]
[EventDate "2015.02.02"]
[EventType "swiss"]
[EventRounds "9"]
[EventCountry "ESP"]
[Source "lmi"]
[SourceDate "2015.02.02"]

1. d4 Nf6 2. Nf3 d5 3. c4 dxc4 4. Qa4+ Bd7 5. Qxc4 e6 6. g3 Be7 7. Bg2 Bc6 8.
O-O O-O 9. Nc3 Nbd7 10. e4 Nxe4 11. Ne5 Nxc3 12. Nxc6 bxc6 13. Qxc3 Nb6 14.
Bxc6 Rb8 15. Bg2 Bf6 16. Rd1 Na4 17. Qc5 Nxb2 18. Bxb2 Rxb2 19. Qxa7 Qb8 20.
Qc5 Qb6 21. a4 Qxc5 22. dxc5 Rc2 23. Rdc1 Rxc5 24. Rxc5 Bxa1 25. Rxc7 Bd4 26.
a5 g6 27. a6 Rb8 28. a7 Bxa7 29. Rxa7 Rb1+ 30. Bf1 Kg7 31. Kg2 h5 32. h4 Rb2
33. Bc4 Rb6 34. Ba6 Rc6 35. Bb5 Rc8 36. Bd7 Rf8 37. Bxe6 Kf6 38. Bb3 Kg7 39.
Kf3 Kh6 40. Rxf7 Rc8 41. Kg2 Rc3 42. Rb7 Rc1 43. Bg8 g5 44. hxg5+ Kxg5 45. Rb5+
Kh6 46. Bf7 Rc7 47. Bxh5 Kg7 48. g4 Rc3 49. g5 Rc4 50. Rb7+ Kf8 51. Kg3 Rc3+
52. f3 Rc5 53. Kg4 Rc4+ 54. f4 Rd4 55. Kf5 Rd5+ 56. Ke6 Ra5 57. Rd7 Ra8 58. f5
Kg8 59. g6 Re8+ 60. Re7 Rf8 61. f6 Rb8 62. Rd7 Re8+ 63. Kf5 Rf8 64. Bf3 Rb8 65.
Bd5+ Kh8 66. Rh7# 1-0

[Event "Madrid-ch Previa A 2014-2015"]
[Site "Madrid ESP"]
[Date "2015.02.17"]
[Round "8.22"]
[White "Suarez Mencia, Roberto"]
[Black "Torres Alvarez, Augusto"]
[Result "1-0"]
[WhiteElo "1489"]
[BlackElo "1505"]
[PlyCount "83"]
[EventDate "2015.02.02"]
[EventType "swiss"]
[EventRounds "9"]
[EventCountry "ESP"]
[Source "lmi"]
[SourceDate "2015.02.02"]

1. c4 Nf6 2. g3 g6 3. Bg2 Bg7 4. e3 e6 5. Ne2 O-O 6. Nbc3 c6 7. d4 d5 8. c5
Nbd7 9. O-O a5 10. f3 e5 11. a4 b6 12. cxb6 Qxb6 13. Kh1 Ba6 14. h3 Rfe8 15.
Re1 Qb7 16. Bd2 Rab8 17. b3 exd4 18. exd4 Nf8 19. Bf4 Qd7 20. Bxb8 Rxb8 21. Nf4
g5 22. Nd3 Ne6 23. Ne5 Qc7 24. Rc1 Qd6 25. Nb1 Rc8 26. Qd2 Nh5 27. Kh2 f6 28.
Qxa5 Bb7 29. Qb6 Rc7 30. Rxc6 Rxc6 31. Qxb7 fxe5 32. Nd2 e4 33. Nf1 Bxd4 34.
fxe4 Rc7 35. Qb5 Qe5 36. Qe8+ Kg7 37. Qxh5 Bf2 38. Re2 Bd4 39. exd5 Qf6 40.
Rxe6 Qf2 41. Qh6+ Kg8 42. Re8+ 1-0

[Event "Madrid-ch Previa A 2014-2015"]
[Site "Madrid ESP"]
[Date "2015.02.17"]
[Round "8.23"]
[White "Ramos Antona, Enrique"]
[Black "Morona Calvo, Virgilio"]
[Result "1-0"]
[WhiteElo "1630"]
[BlackElo "1411"]
[PlyCount "72"]
[EventDate "2015.02.02"]
[EventType "swiss"]
[EventRounds "9"]
[EventCountry "ESP"]
[Source "lmi"]
[SourceDate "2015.02.02"]

1. d4 Nf6 2. c4 c5 3. e3 e6 4. Nf3 g6 5. g3 Bg7 6. Bg2 O-O 7. O-O Qb6 8. Nc3
Nc6 9. Na4 Qc7 10. Nxc5 d6 11. Nb3 Bd7 12. Bd2 Rab8 13. Bc3 b6 14. Nbd2 a5 15.
a3 Ne7 16. Rc1 Rfe8 17. a4 Qa7 18. e4 d5 19. cxd5 exd5 20. e5 Ng4 21. h3 Nh6
22. g4 b5 23. axb5 Bxb5 24. Re1 a4 25. Ra1 Red8 26. Nb3 Bc4 27. Nc5 Bb3 28.
Nxb3 Rxb3 29. Qxb3 axb3 30. Rxa7 Bf8 31. Rb7 Kg7 32. Rxb3 f6 33. exf6+ Kxf6 34.
Rb6+ Kg7 35. Ng5 Nc8 36. Ne6+ Kf7 1-0

[Event "Madrid-ch Previa A 2014-2015"]
[Site "Madrid ESP"]
[Date "2015.02.18"]
[Round "9.1"]
[White "Martos De La Vega, Alvar"]
[Black "Pana, Dorin"]
[Result "1-0"]
[WhiteElo "1933"]
[BlackElo "1943"]
[PlyCount "61"]
[EventDate "2015.02.02"]
[EventType "swiss"]
[EventRounds "9"]
[EventCountry "ESP"]
[Source "lmi"]
[SourceDate "2015.02.02"]

1. d4 d5 2. c4 e6 3. Nc3 Nf6 4. cxd5 exd5 5. Bg5 c6 6. Qc2 Be7 7. e3 Bg4 8. f3
Bh5 9. Bd3 Bg6 10. Nge2 Nbd7 11. e4 dxe4 12. fxe4 Rc8 13. e5 Bxd3 14. Qxd3 Nxe5
15. Qg3 Nc4 16. O-O Qd6 17. Bf4 Qd7 18. Qxg7 Rg8 19. Qh6 Qg4 20. Bg3 Nh5 21.
Qxh7 Nd6 22. Rae1 Kd7 23. d5 Nxg3 24. dxc6+ bxc6 25. Nxg3 Rh8 26. Qd3 Qh4 27.
h3 Rce8 28. Nf5 Qg5 29. Rxe7+ Rxe7 30. Qxd6+ Ke8 31. Qb8+ 1-0

[Event "Madrid-ch Previa A 2014-2015"]
[Site "Madrid ESP"]
[Date "2015.02.18"]
[Round "9.2"]
[White "Perea Blanco, David"]
[Black "Fernandez Aransay, Fernando"]
[Result "1/2-1/2"]
[WhiteElo "1876"]
[BlackElo "1869"]
[PlyCount "83"]
[EventDate "2015.02.02"]
[EventType "swiss"]
[EventRounds "9"]
[EventCountry "ESP"]
[Source "lmi"]
[SourceDate "2015.02.02"]

1. d4 d5 2. c4 e6 3. Nf3 Nf6 4. g3 Be7 5. Bg2 O-O 6. O-O b6 7. Nc3 Bb7 8. Ne5
Nbd7 9. b3 c5 10. cxd5 Nxd5 11. Nxd5 exd5 12. Bb2 Nxe5 13. dxe5 Qd7 14. Qd3
Rad8 15. Rad1 b5 16. f4 c4 17. Qd4 Qc7 18. Qd2 b4 19. Bd4 Bc5 20. Qe3 Bxd4 21.
Rxd4 Qb6 22. f5 f6 23. e6 Rfe8 24. Kf2 c3 25. Rfd1 Qc5 26. Qd3 Rd6 27. e3 Rc8
28. Rg4 c2 29. Rc1 Ba6 30. Qd4 Qc3 31. Qxc3 Rxc3 32. Rd4 g6 33. g4 gxf5 34.
gxf5 Bd3 35. Bxd5 Kf8 36. e4 Bxe4 37. e7+ Ke8 38. Rxe4 Rxd5 39. Ke2 Rh3 40. Rg1
Rxh2+ 41. Ke3 Rh3+ 42. Ke2 1/2-1/2

[Event "Madrid-ch Previa A 2014-2015"]
[Site "Madrid ESP"]
[Date "2015.02.18"]
[Round "9.3"]
[White "Lopez Heras, Arturo"]
[Black "Santamaria Baeza, Adolfo"]
[Result "1/2-1/2"]
[WhiteElo "1866"]
[BlackElo "1892"]
[PlyCount "20"]
[EventDate "2015.02.02"]
[EventType "swiss"]
[EventRounds "9"]
[EventCountry "ESP"]
[Source "lmi"]
[SourceDate "2015.02.02"]

1. d4 Nf6 2. c4 e6 3. Nc3 Bb4 4. a3 Bxc3+ 5. bxc3 b6 6. Bg5 Bb7 7. Nf3 d6 8. e3
Nbd7 9. Bd3 O-O 10. O-O c5 1/2-1/2

[Event "Madrid-ch Previa A 2014-2015"]
[Site "Madrid ESP"]
[Date "2015.02.18"]
[Round "9.4"]
[White "Fernandez Garcia, Ignacio"]
[Black "Camarero Izquierdo, Juan Carlo"]
[Result "1/2-1/2"]
[WhiteElo "1836"]
[BlackElo "1875"]
[PlyCount "24"]
[EventDate "2015.02.02"]
[EventType "swiss"]
[EventRounds "9"]
[EventCountry "ESP"]
[Source "lmi"]
[SourceDate "2015.02.02"]

1. e4 c5 2. Nf3 d6 3. d4 cxd4 4. Nxd4 Nf6 5. Nc3 a6 6. Be2 e6 7. Be3 Be7 8. O-O
O-O 9. h3 Qc7 10. Re1 b5 11. Bf3 Bb7 12. a3 Rc8 1/2-1/2

[Event "Madrid-ch Previa A 2014-2015"]
[Site "Madrid ESP"]
[Date "2015.02.18"]
[Round "9.6"]
[White "Gonzalez Recas, Fernando"]
[Black "Rueda Maria, Ramiro"]
[Result "1/2-1/2"]
[WhiteElo "1776"]
[BlackElo "1905"]
[PlyCount "25"]
[EventDate "2015.02.02"]
[EventType "swiss"]
[EventRounds "9"]
[EventCountry "ESP"]
[Source "lmi"]
[SourceDate "2015.02.02"]

1. e4 e5 2. Nf3 Nf6 3. Nxe5 d6 4. Nf3 Nxe4 5. d4 d5 6. Bd3 Bd6 7. O-O O-O 8.
Re1 Re8 9. Nbd2 Nf6 10. h3 c5 11. c3 Nc6 12. dxc5 Bxc5 13. Nb3 1/2-1/2

[Event "Madrid-ch Previa A 2014-2015"]
[Site "Madrid ESP"]
[Date "2015.02.18"]
[Round "9.7"]
[White "Del Noval Nemeshazi, Nesztor"]
[Black "Cano Mercado, Francisco Manuel"]
[Result "1-0"]
[WhiteElo "1616"]
[BlackElo "1886"]
[PlyCount "39"]
[EventDate "2015.02.02"]
[EventType "swiss"]
[EventRounds "9"]
[EventCountry "ESP"]
[Source "lmi"]
[SourceDate "2015.02.02"]

1. e4 e6 2. d4 d5 3. Nc3 Nf6 4. e5 Nfd7 5. f4 c5 6. Nf3 Nc6 7. Be3 Be7 8. Be2
O-O 9. O-O cxd4 10. Nxd4 f6 11. Nxe6 Qa5 12. Nxf8 Bxf8 13. Qxd5+ Qxd5 14. Nxd5
fxe5 15. Nc7 Rb8 16. Bc4+ Kh8 17. fxe5 Ncxe5 18. Be6 Nf6 19. Bxa7 Nc6 20. Bxb8
1-0

[Event "Madrid-ch Previa A 2014-2015"]
[Site "Madrid ESP"]
[Date "2015.02.18"]
[Round "9.8"]
[White "Corral Aragon, Juan Maria"]
[Black "Saber, Salah"]
[Result "1/2-1/2"]
[WhiteElo "1809"]
[BlackElo "1866"]
[PlyCount "38"]
[EventDate "2015.02.02"]
[EventType "swiss"]
[EventRounds "9"]
[EventCountry "ESP"]
[Source "lmi"]
[SourceDate "2015.02.02"]

1. e4 e6 2. d4 d5 3. exd5 exd5 4. Nf3 Nf6 5. Bg5 Bg4 6. c4 Bb4+ 7. Nc3 O-O 8.
Be2 c6 9. cxd5 cxd5 10. O-O Be6 11. Qb3 Qa5 12. Bxf6 gxf6 13. a3 Bxc3 14. bxc3
Qc7 15. Bd3 Kh8 16. Qc2 h6 17. Bf5 Rg8 18. Rfe1 Qf4 19. Bxe6 Qxf3 1/2-1/2

[Event "Madrid-ch Previa A 2014-2015"]
[Site "Madrid ESP"]
[Date "2015.02.18"]
[Round "9.9"]
[White "Morona Minguez, Miguel"]
[Black "Perez Cameselle, Francisco"]
[Result "0-1"]
[WhiteElo "1913"]
[BlackElo "1849"]
[PlyCount "86"]
[EventDate "2015.02.02"]
[EventType "swiss"]
[EventRounds "9"]
[EventCountry "ESP"]
[Source "lmi"]
[SourceDate "2015.02.02"]

1. e4 e6 2. d4 d5 3. Nc3 Nf6 4. e5 Nfd7 5. f4 c5 6. Nf3 Nc6 7. Be3 cxd4 8. Nxd4
Bc5 9. Bb5 Qc7 10. Qd2 Bxd4 11. Bxd4 Nxd4 12. Qxd4 O-O 13. O-O-O a6 14. Be2 Qb6
15. Qxb6 Nxb6 16. g4 f6 17. Bd3 fxe5 18. fxe5 Bd7 19. h4 Rf7 20. h5 Raf8 21. h6
g6 22. Rdg1 Nc8 23. Nd1 Rf4 24. Ne3 d4 25. Nc4 Bc6 26. Rh2 Be4 27. Nd2 Bd5 28.
Re2 Ne7 29. Rg3 Nc6 30. Bc4 Bxc4 31. Nxc4 Rf3 32. Rgg2 b5 33. Nd2 Rh3 34. Nb3
Rxh6 35. Nc5 Rh1+ 36. Kd2 Rff1 37. Kd3 Kf7 38. Ref2+ Ke7 39. Rxf1 Rxf1 40. Nxa6
Nxe5+ 41. Kxd4 Nd7 42. Nc7 Rf4+ 43. Kc3 Rc4+ 0-1

[Event "Madrid-ch Previa A 2014-2015"]
[Site "Madrid ESP"]
[Date "2015.02.18"]
[Round "9.10"]
[White "Roldan Garcia, Angel"]
[Black "Fernandez Rios, Jose Francisco"]
[Result "1-0"]
[WhiteElo "1824"]
[BlackElo "1715"]
[PlyCount "89"]
[EventDate "2015.02.02"]
[EventType "swiss"]
[EventRounds "9"]
[EventCountry "ESP"]
[Source "lmi"]
[SourceDate "2015.02.02"]

1. e4 c5 2. c3 d5 3. exd5 Qxd5 4. d4 g6 5. Nf3 Bg7 6. Be3 cxd4 7. Bxd4 Bxd4 8.
Qxd4 Qxd4 9. Nxd4 Bd7 10. Na3 Nc6 11. Nab5 Nxd4 12. Nxd4 Nf6 13. Be2 O-O 14.
Bf3 e5 15. Nb3 e4 16. Be2 b6 17. O-O Bc6 18. Nd4 Bb7 19. Rad1 Rfd8 20. h3 Rd7
21. Bb5 Rd6 22. Be2 Rad8 23. Nb5 Rxd1 24. Rxd1 Rxd1+ 25. Bxd1 Bd5 26. b3 a6 27.
Nd4 b5 28. Be2 Nd7 29. Nc2 Nc5 30. Ne3 Bc6 31. c4 Kf8 32. cxb5 Bxb5 33. Bxb5
axb5 34. Nd5 f5 35. Kf1 Nb7 36. Ke2 Kf7 37. Ke3 Nd6 38. Kd4 Ke6 39. Nf4+ Kd7
40. g4 g5 41. Nd5 f4 42. Nf6+ Kc6 43. Nxe4 Nxe4 44. Kxe4 Kc5 45. a4 1-0

[Event "Madrid-ch Previa A 2014-2015"]
[Site "Madrid ESP"]
[Date "2015.02.18"]
[Round "9.11"]
[White "Franco Rincon, David"]
[Black "Osorio Ramos, Francisco"]
[Result "0-1"]
[WhiteElo "1697"]
[BlackElo "1761"]
[PlyCount "118"]
[EventDate "2015.02.02"]
[EventType "swiss"]
[EventRounds "9"]
[EventCountry "ESP"]
[Source "lmi"]
[SourceDate "2015.02.02"]

1. b4 e5 2. Bb2 Bxb4 3. Bxe5 Nf6 4. Nf3 O-O 5. e3 Re8 6. Bb2 d5 7. c4 c5 8.
cxd5 Nxd5 9. Be2 Bf5 10. O-O Nc6 11. d4 Qe7 12. dxc5 Nxe3 13. fxe3 Qxe3+ 14.
Kh1 Qxe2 15. Qc1 Rad8 16. Nc3 Qe3 17. Nd1 Qxc1 18. Rxc1 Rd5 19. a3 Bxc5 20. Nf2
Bb6 21. Rfe1 Rdd8 22. Kg1 h6 23. h3 Bxf2+ 24. Kxf2 Be4 25. Rcd1 Bxf3 26. Rxe8+
Rxe8 27. Kxf3 Rd8 28. Rxd8+ Nxd8 29. Ke4 f6 30. Kd5 Kf7 31. Kd6 Ne6 32. Bc1 g5
33. g3 a5 34. a4 Nd4 35. Bd2 Nb3 36. Be3 f5 37. Kc7 Ke6 38. Kxb7 Kd5 39. Kb6
Kc4 40. h4 gxh4 41. gxh4 h5 42. Bf2 Kb4 43. Be1+ Kxa4 44. Kc6 Nd4+ 45. Kd5 Nf3
46. Bg3 Kb3 47. Ke6 Nd4+ 48. Ke5 Ne2 49. Bf2 Kc4 50. Bb6 a4 51. Kxf5 a3 52. Bd8
a2 53. Bf6 Nc3 54. Kg5 a1=Q 55. Kxh5 Qg1 56. Kh6 Ne4 57. h5 Qg8 58. Bg7 Ng3 59.
Kg6 Nxh5 0-1

[Event "Madrid-ch Previa A 2014-2015"]
[Site "Madrid ESP"]
[Date "2015.02.18"]
[Round "9.12"]
[White "Jimenez Gonzalez, Marcos"]
[Black "Baeza Escudero, Javier"]
[Result "1-0"]
[WhiteElo "1856"]
[BlackElo "1922"]
[PlyCount "96"]
[EventDate "2015.02.02"]
[EventType "swiss"]
[EventRounds "9"]
[EventCountry "ESP"]
[Source "lmi"]
[SourceDate "2015.02.02"]

1. d4 Nf6 2. c4 e6 3. g3 Bb4+ 4. Bd2 Qe7 5. a3 Bxd2+ 6. Nxd2 Nc6 7. Ngf3 b6 8.
Bg2 Bb7 9. O-O O-O 10. e4 d5 11. cxd5 exd5 12. e5 Ne4 13. Qc2 Nxd2 14. Qxd2 Na5
15. Qb4 c5 16. dxc5 Qxc5 17. Qxc5 bxc5 18. b4 Nb3 19. Rab1 c4 20. Rfd1 Rfe8 21.
Nd4 Nxd4 22. Rxd4 Rxe5 23. f4 Re3 24. Bxd5 Bxd5 25. Rxd5 Rc8 26. Rc5 Rxc5 27.
bxc5 Kf8 28. Rc1 Rxa3 29. Rxc4 Ke7 30. c6 Kd8 31. Rd4+ Kc7 32. Rd7+ Kxc6 33.
Rxf7 Kd5 34. Kg2 g6 35. Rxh7 Ke6 36. h4 a5 37. Kh3 a4 38. Kg4 Rb3 39. Ra7 a3
40. Ra6+ Kf7 41. Ra5 Re3 42. h5 gxh5+ 43. Rxh5 a2 44. Ra5 Re2 45. Kf5 Rb2 46.
Ra7+ Ke8 47. g4 Kd8 48. g5 Kc8 1-0